| Tag |
First Indicator |
Second Indicator |
Subfields |
| LEADER |
00000cam a2200000 4500 |
| 001 |
in00000053148 |
| 005 |
20151007080455.0 |
| 008 |
730313s1966 eng u |
| 010 |
|
|
|a 66020081
|
| 035 |
|
|
|a (OCoLC)00577740
|
| 035 |
|
|
|9 AAF4877AM
|
| 040 |
|
|
|c OUN
|d TXA
|d UtOrBLW
|
| 049 |
|
|
|a TXAM
|c [459452]
|
| 050 |
|
0 |
|a RC467
|b .P4 1966
|
| 082 |
0 |
|
|a 157.9
|
| 092 |
|
|
|a 157.9
|b P414i 1966
|
| 100 |
1 |
|
|a Pennington, L. A.
|q (Leon Alfred),
|d 1908-
|
| 245 |
1 |
3 |
|a An introduction to clinical psychology /
|c Edited by Irwin A. Berg [and] L. A. Pennington.
|
| 250 |
|
|
|a 3d ed.
|
| 264 |
|
1 |
|a New York :
|b Ronald Press Co.,
|c [1966]
|
| 300 |
|
|
|a vi, 765 pages :
|b illustrations ;
|c 24 cm.
|
| 336 |
|
|
|a text
|b txt
|2 rdacontent
|
| 337 |
|
|
|a unmediated
|b n
|2 rdamedia
|
| 338 |
|
|
|a volume
|b nc
|2 rdacarrier
|
| 500 |
|
|
|a In the earlier editions Pennington's name appeared first on the title-page.
|
| 504 |
|
|
|a Includes bibliographies.
|
| 650 |
|
0 |
|a Clinical psychology.
|
| 700 |
1 |
|
|a Berg, Irwin A.
|q (Irwin August),
|d 1913-2001.
|
| 999 |
|
|
|a MARS
|
| 999 |
f |
f |
|s 85c2aed9-dfdc-3409-9e17-24ffc8bcee0c
|i ddfa345e-17ad-3474-9181-fee06dc33d43
|t 0
|
| 952 |
f |
f |
|p ric
|a Texas A&M University
|b Rellis Campus
|c Joint Library Facility
|d Remote Storage
|t 0
|e RC467 .P4 1966
|h Library of Congress classification
|i unmediated -- volume
|m A14800528479
|
| 998 |
f |
f |
|a RC467 .P4 1966
|t 0
|l Remote Storage
|